| 000 | 00964nam a22002657a 4500 | ||
|---|---|---|---|
| 999 |
_c16734 _d16734 |
||
| 003 | AR-CdUCM | ||
| 008 | 190504b ||||| |||| 00| 0 spa d | ||
| 040 |
_aMUNICIPALIDAD PROVINCIAL DEL CUSCO _cBIBLIOTECA MUNICIPAL DEL CUSCO |
||
| 041 | _heng | ||
| 082 |
_a330.973 / _bH21 |
||
| 100 |
_aHankin, Francis _936346 |
||
| 245 | _aHacia una democracia mejor / | ||
| 260 |
_aBuenos Aires : _bEdit. Agora, _c1957. |
||
| 300 |
_a126 páginas ; _c18 cm. |
||
| 440 |
_aColección temas actuales ; _936311 |
||
| 505 | _aContenido: El arte de la política -- Nuestros derechos y libertades fundamentales -- Nuestros gigantes modernos -- El bienestar publico -- La amenaza de guerra ... | ||
| 650 |
_aPolítica económica _91407 |
||
| 650 |
_aDemocracia _92598 |
||
| 650 |
_aCiencia política _91775 |
||
| 650 |
_aEstados Unidos _91805 |
||
| 650 |
_aSiglo XX. _98 |
||
| 700 |
_aCalichio, M. H. (traductor) _936347 |
||
| 942 |
_2ddc _cLIBROS |
||
| 945 |
_aacv _d2019-05-04 |
||